000 00491nam a22001577a 4500
005 20111212140114.0
020 _a9788121937344
_c89.00
037 _bS. Chand
100 _aPipe, Jim
_936836
245 _aLook and play farm machines /
_cby Jim Pipe
260 _aNew Delhi
_bS. Chand
_c2011
270 _a7361, Ram Nagar
_bNew Delhi
_e110055
300 _a24p.
_bill.
_c24cm(pbk)
942 _2ddc
_cCH
_mPIP
999 _c59292
_d59292